000 00718nam a2200241 a 4500
001 000042221
003 DO-SdBNP
005 20240412074301.0
007 ta
008 131119s2013 dr r 000 p spa d
020 _a9789945583106
040 _aDO-SdBNP
_bspa
_cBNPHU
082 4 _aRD861.44
_bM632a
_222
100 1 _aMieses, Juan Carlos,
_d1947-
_925472
245 1 0 _aApocryphus :
_bvariaciones en torno al Eclesiastés /
_cJuan Carlos Mieses.
260 _aSanto Domingo :
_bSantuario,
_c2013.
300 _a75 p. ;
_c23 cm.
590 _aInventariado, 2018/BT
650 0 _aPoesía dominicana
_966
650 0 _aLiteratura dominicana.
_967
910 _aValidado. Control de calidad. MFF
942 _2ddc
_cLBS1
999 _c41710
_d41710